| 000 | 00518nam a22001697a 4500 | ||
|---|---|---|---|
| 999 |
_c8750 _d8750 |
||
| 008 | 201211b ||||| |||| 00| 0 eng d | ||
| 040 | _aBMS College of Architecture | ||
| 100 | _aChoudhary, Shikha | ||
| 245 | _aCapturing the essence of the origin | ||
| 300 | _aNA | ||
| 500 | _a1BM11AT063 | ||
| 502 |
_8B,Arch _NBMS College of Architecture, Visvesvaraya Technological University (VTU) _aProject report _d2015 |
||
| 650 | _aNA | ||
| 700 |
_aNeetha S Nar _eGuide |
||
| 700 |
_aKiran Kumar R _eGuide |
||
| 942 |
_2ddc _cTHE |
||